| 000 | 00717nam a2200265Ia 4500 | ||
|---|---|---|---|
| 003 | OSt | ||
| 005 | 20221007110802.0 | ||
| 006 | a|||||r|||| 00| 0 | ||
| 007 | ta | ||
| 008 | 221006b |||||||| |||| 00| 0 eng d | ||
| 024 | _a21,885 | ||
| 037 | _cTextual | ||
| 040 |
_aLCO _cLCO _beng |
||
| 041 |
_2eng _aeng |
||
| 082 | _aX8(A)qN48, K7 | ||
| 100 |
_aSrivastava Kirpa Dayal _9376422 |
||
| 245 | 0 | _aCommentaries on the Factories Act, 1948 | |
| 250 | _a2nd | ||
| 260 |
_aLucknow _bEastern Book Company India _c1967 |
||
| 300 | _a1377 | ||
| 500 | _aAct No. LXIII of 1948 | ||
| 650 | _aFACTORY ACT | ||
| 942 |
_hX8(A)qN48, K7 _cTEXL |
||
| 999 |
_c1191448 _d1191448 |
||